Niektoré trestné činy súvisiace s konkurzom a vyrovnaním

Trestné činy proti majetku. Trestný čin marenia konkurzného alebo vyrovnacieho konania. Trestný čin porušovania povinnosti pri správe cudzieho majetku.

Na minha lista:
Detalhes bibliográficos
Autor principal: Hučík, Karol
Formato: Capítulo de Livro
Idioma:eslovaco
Assuntos:
Tags: Adicionar Tag
Sem tags, seja o primeiro a adicionar uma tag!

MARC

LEADER 00000naa a2200000 4500
001 r047312
005 20230728095750.9
041 0 |a slo 
044 |a SK 
245 1 0 |a Niektoré trestné činy súvisiace s konkurzom a vyrovnaním  |c Karol Hučík 
520 |a Trestné činy proti majetku. Trestný čin marenia konkurzného alebo vyrovnacieho konania. Trestný čin porušovania povinnosti pri správe cudzieho majetku. 
610 2 0 |a činy trestné 
610 2 0 |a konkurzy 
610 2 0 |a vyrovnanie 
610 2 0 |a zodpovednosť trestná 
100 1 |a Hučík, Karol